Things that begin with T - Statistics

General Stats
  • This quiz has been taken 99 times
    77 since last reset
  • The average score is 13 of 15
Answer Stats
Hint Answer % Correct
One of 5 senses Taste | Touch
97%
Sport involving racquets and a ball Tennis | Table Tennis
97%
Mode of transport using tracks Train | Tram
97%
Money that the government takes from your wage Tax
95%
Social Media app now known as X Twitter
95%
Largest car manufacturing company based in Japan Toyota
94%
Heavy armoured military vehicle Tank
92%
Main ingredient in cigarettes Tobacco
90%
Large destructive wave caused by disturbances Tsunami
89%
Country in East Asia claimed by China Taiwan
87%
American pop singer Taylor Swift
82%
To convert from one language to another Translate
82%
Red fruit from the New World Tomato
65%
American serial killer who targeted young women in the 1970s Ted Bundy
56%
Capital of Libya Tripoli
48%
No matching quizzes found
Score Distribution
Percent of People with Each Score
Percentile by Number Answered
Your Score History
You have not taken this quiz since the last reset